| 000 | 00360nam a2200133Ia 4500 | ||
|---|---|---|---|
| 008 | 191014s9999 xx 000 0 und d | ||
| 020 | _a0-486-65383-8 | ||
| 082 |
_a530.11 _bTOL |
||
| 100 |
_aRichard C. Tolman _920407 |
||
| 245 | 0 | _aRelativity Thermodynamics and Cosmology | |
| 260 |
_aUSA _bDover Publications INC. _c1987 |
||
| 300 | _aXv,501 | ||
| 942 | _cBK | ||
| 999 |
_c530987 _d530987 |
||